01013nam a2200193Ia 4500001001100000003001000011008004100021040002500062041001300087100001900100245006300119250001100182260006600193300001200259500019700271501011400468520019700582650004000779L881-50493IT-CnALBA170116s9999||||xx |||||||||||||| ||und|| aIT-CnALBAcIT-CnALBA aITALIANO aARGNANI DAVIDE 0aSTARI MOST. IL PONTE VECCHIO DI MOSTAR. POESIE 1993-1995.  a2a ed. aPASIAN DI PRATO (UD)bCAMPANOTTO E. EDITc1999 [1° Ed.:1999] a153 p.  aTRADUZIONE DAL CROATO TEDESCO INGLESE. ASILO ESILIO. STARI MOST. VERSIONE IN CROATO DI LUCI ZUVELA. MOSTAR. I PONTI DELLA PITTURA DI GLIBO D. VERSIONI IN TEDESCO, IN INGLESE. NOTA BIOGRAFICA.  aSocietà San Paolo EM - Piazza San Paolo, 14 - 12051 ALBA (CN) (non commercial uses only) ® Copyright 2017 aTRADUZIONE DAL CROATO TEDESCO INGLESE. ASILO ESILIO. STARI MOST. VERSIONE IN CROATO DI LUCI ZUVELA. MOSTAR. I PONTI DELLA PITTURA DI GLIBO D. VERSIONI IN TEDESCO, IN INGLESE. NOTA BIOGRAFICA.  aLETTERATURA GRECA IN PROSA E POESIA